000 00761cam a2200193 i 4500
005 20251202105739.0
008 250721s2004 ua gr 000 0 ara d
082 1 4 _a213.63
_bم ن و
100 1 _aالمنوفي، آمال عبدالسلام
_eمعد.
245 1 0 _aأحكام التشريع بالقرآن والسنة (صحيح البخاري_ صحيح مسلم) /
_cجمع واعداد امال عبد السلام المنوفي.
264 3 1 _aالمنصورة :
_bمكتبة الإيمان،
_c2004.
300 _a483 صفحة.
650 1 7 _aالحديث الشريف.
650 1 7 _aالقرآن الكريم.
650 1 7 _aصحيح البخاري.
650 1 7 _aصحيح مسلم.
942 _2ddc
_cBK
999 _c93495
_d93495